Biodistribution of antidiabetic Zn(II) complexes in human serum and in vitro protein-binding studies by means of CZE-ICP-MS

Elmentve itt :
Bibliográfiai részletek
Szerzők: Bytzek Anna K.
Enyedy Éva Anna
Kiss Tamás
Keppler Bernhard K.
Hartinger Christian G.
Dokumentumtípus: Cikk
Megjelent: 2009
Sorozat:ELECTROPHORESIS 30 No. 23
Tárgyszavak:
doi:10.1002/elps.200900212

mtmt:118412
Online Access:http://publicatio.bibl.u-szeged.hu/34381
LEADER 00905nab a2200253 i 4500
001 publ34381
005 20240801090106.0
008 240801s2009 hu o 000 eng d
022 |a 0173-0835 
024 7 |a 10.1002/elps.200900212  |2 doi 
024 7 |a 118412  |2 mtmt 
040 |a SZTE Publicatio Repozitórium  |b hun 
041 |a eng 
100 1 |a Bytzek Anna K. 
245 1 0 |a Biodistribution of antidiabetic Zn(II) complexes in human serum and in vitro protein-binding studies by means of CZE-ICP-MS  |h [elektronikus dokumentum] /  |c  Bytzek Anna K. 
260 |c 2009 
300 |a 4075-4082 
490 0 |a ELECTROPHORESIS  |v 30 No. 23 
650 4 |a Kémiai tudományok 
700 0 1 |a Enyedy Éva Anna  |e aut 
700 0 1 |a Kiss Tamás  |e aut 
700 0 1 |a Keppler Bernhard K.  |e aut 
700 0 1 |a Hartinger Christian G.  |e aut 
856 4 0 |u http://publicatio.bibl.u-szeged.hu/34381/1/Electrophoresis-2009.pdf  |z Dokumentum-elérés